[Event "Morelia/Linares 25th"]
[Site "Morelia/Linares"]
[Date "2008.02.23"]
[Round "7"]
[White "Carlsen, Magnus"]
[Black "Aronian, Levon"]
[Result "1-0"]
[WhiteElo "2733"]
[BlackElo "2739"]
[Annotator "Rogozenco,Dorian"]
[PlyCount "79"]
[EventDate "2008.02.15"]
[EventType "tourn"]
[EventRounds "14"]
[EventCountry "ESP"]
[EventCategory "21"]
[SourceTitle "CBM 123"]
[Source "ChessBase"]
[SourceDate "2008.04.02"]
[SourceVersion "1"]
[SourceVersionDate "2008.04.02"]
[SourceQuality "1"]

1. e4 e5 2. Nf3 Nc6 3. Bb5 a6 4. Ba4 Nf6 5. O-O Be7 6. Re1 b5 7. Bb3 O-O 8. a3 Bc5 9. c3 {The combination of a2-a3 and c2-c3 does not impress much.} d6 ({RR} 9... Bb6 10. d4 Re8 11. Bg5 d6 12. Qd3 Na5 13. Bd5 c6 14. Ba2 c5 15. dxc5 dxc5 16. Qxd8 Rxd8 17. b4 Nb7 18. c4 bxc4 19. Bxc4 cxb4 20. axb4 {½-½ (20) Grischuk,A (2742)-Aronian,L (2785) Sharjah 2017}) 10. d4 Bb6 11. h3 Re8 $146 {This new move shows that Black can save time and manage without ...h7-h6.} (11... h6 12. Be3 Bb7 13. Nbd2 Re8 14. Bc2 Nb8 15. dxe5 dxe5 16. Bxb6 cxb6 17. a4 bxa4 18. Bxa4 b5 19. Bb3 Nbd7 $11 {½-½ Svidler,P-Leko,P/Monte Carlo (rapid) 2006 (46)}) ({RR} 11... h6 12. Be3 Bb7 13. Nbd2 Re8 14. d5 Ne7 15. Bxb6 cxb6 16. Ba2 Bc8 17. b4 Ng6 18. Re3 Nh7 19. Kh2 Rf8 20. Rc1 Nf4 21. c4 bxc4 22. Nxc4 b5 23. Na5 f5 24. Nc6 Qf6 25. Bb1 Kh8 26. Qb3 {Short,N (2676)-Gustafsson,J (2647) Pattaya 2011 0-1 (33)}) ({RR} 11... h6 12. Be3 Bb7 13. Nbd2 Re8 14. Bc2 Nb8 15. dxe5 dxe5 16. Bxb6 cxb6 17. a4 bxa4 18. Bxa4 b5 19. Bb3 Nbd7 20. Qe2 Nc5 21. Bc2 Qc7 22. Qe3 a5 23. Nh4 Rad8 24. Nf5 Bc8 25. Nf3 Bxf5 26. exf5 {Svidler,P (2765)-Leko,P (2740) Monte Carlo 2006 ½-½ (46)}) 12. Bg5 {Accepting the challenge. Other moves can't even pretend to fight for an advantage. On the other hand this is a highly risky decision and objectively Black is doing more than fine after it.} h6 13. Bh4 exd4 {Black also must go for complications, otherwise it is not clear why he allowed the pin of his f6-knight.} (13... Bb7 14. Bc2 $14) 14. cxd4 g5 (14... Bb7 15. Nc3 $14) 15. Bg3 g4 ({Taking on e4 loses:} 15... Rxe4 $2 16. Rxe4 Nxe4 17. Bd5 Qe8 18. Qc2 Nxg3 19. Qg6+ $18) (15... Nxe4 $2 16. Bd5 $18) 16. hxg4 Bxg4 17. Bh4 (17. d5 Nd4 $36) 17... Nxd4 18. Nc3 {The battle has reached its culminant point: Carlsen sacrificed a central pawn, considering that the pin of the knight f6 is highly unpleasant for Black. White's main threat is c3-d5. Besides, Black must also reckon with the advance e4-e5 followed by e4.} Bxf3 $5 {In this wild position Levon found an interesting queen sacrifice. Unfortunately for him he will soon miss an important detail.} ({After the natural and good} 18... c6 {White still must prove that he has compensation for the pawn, since} 19. e5 dxe5 20. Ne4 {doesn't work well in view of} Nxe4 21. Bxd8 Raxd8 22. Rxe4 Nxf3+ 23. gxf3 Rxd1+ 24. Bxd1 Bf5 {with advantage for Black}) 19. gxf3 Kh8 $2 ({Now} 19... c6 20. e5 dxe5 21. Ne4 {is already not good for Black, but instead of taking on e5 Black can play 20...c8! and bring the queen to h3 with sufficient activity to hold the balance.}) ({However, the strongest move is} 19... Kh7 {with a similar idea from the game. The point is that after} 20. Nd5 Rg8+ 21. Kf1 Ng4 $1 {the move} 22. Qxd4 {is without check and therefore Black can take the bishop} Qxh4 {Then after} 23. Nxb6 cxb6 24. fxg4 Qh3+ 25. Ke2 Qxb3 26. f3 Rac8 {White is fighting for a draw.}) 20. Nd5 Rg8+ 21. Kf1 ({Aronian's idea would have worked well after} 21. Kh1 $2 Ng4 $1 22. Qxd4+ Bxd4 23. Bxd8 Nxf2+ 24. Kh2 Raxd8 {and it is Black who wins}) 21... Ng4 {The bishop on h4 is hanging, while taking the queen 22.xd8 leads to a nice mate with the knight on h2. But in fact White has a counter queen sacrifice.} 22. Qxd4+ $1 Bxd4 23. Bxd8 Nh2+ {Before taking the bishop the knight must run away. Nevertheless he won't have a long life on h2 either.} 24. Ke2 Raxd8 25. Rad1 $1 $18 {The knight is trapped on h2 and it turns out that White is simply winning.} Bxb2 26. Rh1 {Black can't save the knight. Several pawns won't be enough for being a piece down.} c6 ({Other moves don't help either:} 26... Be5 27. f4 c6 28. fxe5 cxd5 29. Rxh2) ({or} 26... Rg2 27. Ne3 Rdg8 28. Bxf7 R8g7 29. Nxg2 Rxg2 30. Rdg1) 27. Nf4 Be5 28. Nd3 Nxf3 29. Kxf3 Bg7 30. Rh5 {In spite of having three pawns for the knight, Black is lost. His position contains a lot of weaknesses and White's pieces are active. The rest is an easy task for Carlsen, who played very precisely until the end.} d5 (30... c5 31. Bxf7 Rgf8 32. Rf5 {is also hopeless}) 31. exd5 Rd6 32. Rf5 cxd5 33. Rc1 $1 Rf6 34. Rxf6 Bxf6 35. Rc6 Kg7 36. Nf4 Bg5 37. Nh5+ Kh8 38. Rxa6 d4 39. Ke4 Rg6 40. Ra7 1-0

[Event "Morelia/Linares 25th"]
[Site "Morelia/Linares"]
[Date "2008.02.28"]
[Round "8"]
[White "Ivanchuk, Vassily"]
[Black "Carlsen, Magnus"]
[Result "0-1"]
[WhiteElo "2751"]
[BlackElo "2733"]
[Annotator "Marin,Mihail"]
[PlyCount "79"]
[EventDate "2008.02.15"]
[EventType "tourn"]
[EventRounds "14"]
[EventCountry "ESP"]
[EventCategory "21"]
[SourceTitle "CBM 123"]
[Source "ChessBase"]
[SourceDate "2008.04.02"]
[SourceVersion "1"]
[SourceVersionDate "2008.04.02"]
[SourceQuality "1"]

1. e4 e5 2. Nf3 Nc6 3. Bb5 Nf6 4. O-O Nxe4 {As we shall soon see, this is not a prelude to the Berlin variation, but an invitation to transpose to the Open variation. Usually, Carlsen employs the "normal" move order (3...a6, etc.) but in Corus Ivanchuk had surprised him with the exchange variation, which he plays only occasionally. Although the game ended in a draw, Carlsen seems to have had his reasons to avoid this course of events. Did he feel uncomfortable about the exchange variation, or did he just want to avoid early simplifications with an increased probability of a draw?...} 5. d4 a6 6. Bxc6 {So, whatever Carlsen's thoughts had been, he guessed correctly that Ivanchuk was not going to allow the Open variation.} dxc6 {Theory is not too well-settled in this variation. Black's position certainly looks dangerous and his move order at least provocative, but in practice things have been rather unclear.} 7. Qe2 Bf5 8. Re1 {A very rare move. Among other things, White threatens to win material with d3. After the present game, people may start asking themselves why this line was not tried more frequently... Black certainly needs to find a strong improvement somewhere.} (8. Rd1 Be7 9. dxe5 Qc8 {Black's position looks a bit cramped and his e4-knight unstable. However, White is not too well developed and Black's good control of the light squares offers him adequate play. Just compare this with the Berlin variation where he needs several tempi to get castled artificially...} 10. Nd4 (10. b3 O-O 11. Bb2 Re8 12. Nbd2 Ng5 {In fact, the capture on d2 would be more restrictive, although it could eventually transpose to the game.} 13. Nxg5 Bxg5 14. Nf3 Be7 15. h3 Bg6 16. c4 a5 17. Bc3 c5 18. Nh2 $13 {½-½ Savon,V (2420)-Buturin,V (2415)/Alushta 1992/EXT 97} Qe6 {With all his pieces well placed, Black has no problems. The direct attack} 19. f4 a4 20. g4 {is not dangerous because of} f5 $1) (10. Rd4 {Apparently, White is just helping the knight improve its position with gain of time, but he has some tactical play in mind.} Nc5 11. Bg5 $5 Ne6 12. Bxe7 Nxd4 13. Nxd4 Kxe7 14. Qh5 Rd8 15. Qh4+ Kf8 16. Nd2 c5 17. N4f3 Qe6 $17 {Rausis,I (2551)-Wedberg,T (2473)/Upplands Vasby 2000/CBM 081 (0-1, 47). Black has completed his development, maintaining his material advantage.}) (10. Be3 O-O 11. Nbd2 Nxd2 12. Rxd2 h6 13. Rad1 c5 14. Qc4 b6 15. a3 Qb7 $11 {In the Berlin variation, this square is usually occupied by the king, not without some efforts.} 16. Qf4 Be6 17. Nh4 $6 g5 $1 18. Qf3 Qxf3 19. Nxf3 Kg7 20. h3 Kg6 21. Nh2 h5 $15 {Aroshidze,L (2401)-Mastrovasilis,D (2568)/Korinthos 2004/CBM 101 ext (½-½, 58). With all his pieces well placed, Black has a favourable form of the Berlin variation. In the absence of queens, the plan of a kingside expansion is strategically sound.}) 10... Bg6 11. Be3 {Opening expert Geller tries to improve upon an older game of his opponent.} (11. f3 Nc5 12. b3 O-O 13. Bb2 Ne6 14. Nxe6 Qxe6 {Kupper,J-Kaplan,J (2470)/Lugano 1968/MCD (0-1, 42). with comfortable play for Black.}) 11... O-O 12. Nd2 Nxd2 13. Rxd2 c5 14. Nb3 b6 {White's manoeuvre has only left the knight passive on b3, requiring further loss of time. Black was going to play ...b6 and ...c5 anyway!} 15. Rad1 Qf5 16. Qc4 Qe4 17. Qxe4 Bxe4 18. f3 Bf5 19. Nc1 {The sign that something had gone wrong. As we know from previous examples, the control of the d-file has a sterile character, because there are no squares available for infiltration, while Black can exchange rooks with ...d8, whenever he wants.} Rfd8 20. c3 Be6 21. Kf2 a5 22. Rxd8+ Bxd8 23. g3 Be7 {½-½ Geller,E (2610)-Kaplan,J (2460)/Amsterdam 1974/MCL. Black's pressure against the queenside prevents White from starting active operations on the other wing.}) ({The more forcing line} 8. g4 Bg6 9. Nxe5 Qxd4 10. Nxg6 hxg6 11. Nc3 f5 12. Bf4 O-O-O 13. Rad1 Qf6 14. Nxe4 fxe4 15. Rxd8+ Kxd8 16. Qxe4 {was at one time supposed to offer White the slightly better chances. Indeed, certain endings would favour him, but the following recent game saw Black drawing without problems.} Bd6 17. Rd1 Re8 18. g5 Rxe4 19. gxf6 gxf6 20. Bxd6 cxd6 21. Rxd6+ Ke7 22. Rd3 Ke6 {½-½ Womacka,M (2423)-Matamoros Franco,C (2544)/Olomouc 2006/CBM 113 ext. Only Black can be microscopically better here, because of his more compact kingside structure.}) ({RR} 8. Rd1 Qe7 9. dxe5 Rd8 10. Rd4 Bg6 11. c3 Rxd4 12. cxd4 Qb4 13. Qe3 Be7 14. b3 Qa5 15. Nfd2 Qd5 16. Ba3 Bg5 17. Qe1 Qxd4 18. Nxe4 Qxa1 19. e6 fxe6 20. Nec3 Bxb1 21. h4 Bf6 22. Nxb1 Kf7 {Topalov,V (2801)-Vallejo Pons,F (2650) Monte Carlo 2006 0-1}) ({RR} 8. Rd1 Be7 9. dxe5 Qc8 10. Nd4 Bg6 11. f3 Nc5 12. g4 Ne6 13. Nb3 h5 14. h3 Ng5 15. Bxg5 Bxg5 16. Nc3 hxg4 17. hxg4 Qe6 18. Qf2 Bf4 19. Ne2 Bxe5 20. Nbd4 Qf6 21. f4 Be4 22. Ng3 Qh4 {Huschenbeth,N (2542)-Kekelidze,M (2470) ICC INT 2013 ½-½ (64)}) 8... Bb4 $146 (8... Be7 9. g4 Bg6 10. Nxe5 f5 11. Nc3 (11. gxf5 Bxf5 12. Qf3 $16 {wins two pieces for a rook, because after} Nd6 $2 13. Bg5 $18 {Black is in even bigger trouble, not being able to fre himself from the pin. For instance} O-O 14. Qb3+ $1 Kh8 15. Bxe7 Qxe7 16. Ng6+ $1 $18) 11... O-O 12. Nxg6 hxg6 13. Qc4+ Kh7 14. Nxe4 fxe4 15. Rxe4 Bh4 16. Be3 $16 {Georgiev,K (2480)-Piket,J (2550)/Corfu 1991/EXT 97 (0-1, 31). White has won a pawn, but later went terribly wrong and lost.}) (8... Bd6 9. Qd3 O-O 10. Rxe4 Bxe4 11. Qxe4 exd4 12. Qxd4 Be5 $5 13. Qc4 Qd1+ 14. Qf1 Qxf1+ 15. Kxf1 Rad8 16. Nbd2 Rfe8 17. Nxe5 Rxe5 $16 {Simmelink,J-Van Wieringen,C/NED-ch28 corr9899 1998/Corr 2000 (1-0, 45). White certainly faces some problems completing his development, but when this has been accomplished, he will retain good chances for a win.}) ({RR} 8... Be7 9. g4 Bg6 10. Nxe5 f5 11. Nc3 O-O 12. Nxg6 hxg6 13. Qc4+ Kh7 14. Nxe4 fxe4 15. Rxe4 Bh4 16. Be3 Qf6 17. f4 Rae8 18. Re5 Qd8 19. Rf1 Qd7 20. f5 gxf5 21. Rfxf5 Rxf5 22. gxf5 Bf6 23. Re6 {Georgiev,K (2480)-Piket,J (2550) Corfu 1991 0-1 (31)}) 9. c3 Bd6 {I am not entirely sure whether weakening the d3-square has improved Black's position that much, but according to Carlsen he was just improvising, not being able to remember "theory".} 10. Qc2 {It looks logical to make use of this square that has just become available.} ({However,} 10. Qd3 {does not look bad either.}) 10... Qd7 11. dxe5 Bc5 12. Rxe4 O-O-O $16 {White has won material, "according to the plan", but he still faces some problems completing his development and getting out of the pin. Besides, Ivanchuk had spent a lot of time already.} 13. Nbd2 Qd5 14. Kf1 Rhe8 15. b3 {According to Carlsen, this might be too slow.} (15. c4 $5 Qd7 16. Nb3 $16 {[%cal Gc1f4]}) 15... g5 16. Bb2 g4 17. Nd4 Bxd4 $5 {Striving for counterplay.} ({Simplifying with} 17... Bxe4 {would have meant struggling for a draw after} 18. Qxe4 Qxe4 19. Nxe4 Rxe5 20. Nxc5 Rxc5 21. f3 $14) 18. cxd4 c5 19. Rae1 cxd4 20. Qc4 $6 {Offering Black undeserved counter-chances.} (20. Qd1 $16 Bxe4 21. Rxe4 d3 22. Qxg4+ $16) 20... Bxe4 21. Rxe4 Rxe5 22. Rxg4 Rde8 23. Nf3 Qxc4+ 24. bxc4 Re2 $132 {Things have become completely irrational now.} 25. Bxd4 Rxa2 26. Rg7 a5 27. Rxf7 Rc2 28. g4 a4 29. g5 a3 30. Rxh7 a2 31. Rh8 Rxh8 32. Bxh8 Rxc4 33. h3 c5 34. Ne1 Rc1 35. g6 Kd7 36. Bb2 Ke6 37. h4 c4 38. h5 c3 39. Bxc1 a1=Q 40. Nd3 0-1

[Event "Morelia/Linares 25th"]
[Site "Morelia/Linares"]
[Date "2008.03.01"]
[Round "10"]
[White "Anand, Viswanathan"]
[Black "Carlsen, Magnus"]
[Result "1/2-1/2"]
[WhiteElo "2799"]
[BlackElo "2733"]
[PlyCount "43"]
[EventDate "2008.02.15"]
[EventType "tourn"]
[EventRounds "14"]
[EventCountry "ESP"]
[EventCategory "21"]
[SourceTitle "CBM 123"]
[Source "ChessBase"]
[SourceDate "2008.04.02"]
[SourceVersion "1"]
[SourceVersionDate "2008.04.02"]
[SourceQuality "1"]

1. e4 c5 2. Nf3 Nc6 3. d4 cxd4 4. Nxd4 Nf6 5. Nc3 e5 6. Ndb5 d6 7. Bg5 a6 8. Na3 b5 9. Nd5 Be7 10. Bxf6 Bxf6 11. c3 Bg5 12. Nc2 Ne7 13. a4 bxa4 14. Ncb4 O-O 15. Qxa4 Nxd5 16. Nxd5 Bd7 17. Qa2 a5 18. Bd3 Bc6 19. O-O Qb8 20. Bc4 Kh8 $146 ({RR} 20... Bd8 21. Rad1 Ra7 22. Qa3 {½-½ (23) Sokolov,A (2567)-Cherniaev,A (2466) Martigny 1999}) 21. b3 f5 22. exf5 1/2-1/2

[Event "Morelia/Linares 25th"]
[Site "Morelia/Linares"]
[Date "2008.03.03"]
[Round "11"]
[White "Leko, Peter"]
[Black "Carlsen, Magnus"]
[Result "1-0"]
[WhiteElo "2753"]
[BlackElo "2733"]
[PlyCount "123"]
[EventDate "2008.02.15"]
[EventType "tourn"]
[EventRounds "14"]
[EventCountry "ESP"]
[EventCategory "21"]
[SourceTitle "CBM 123"]
[Source "ChessBase"]
[SourceDate "2008.04.02"]
[SourceVersion "1"]
[SourceVersionDate "2008.04.02"]
[SourceQuality "1"]

1. e4 c5 2. Nf3 Nc6 3. d4 cxd4 4. Nxd4 Nf6 5. Nc3 e5 6. Ndb5 d6 7. Bg5 a6 8. Na3 b5 9. Nd5 Be7 10. Bxf6 Bxf6 11. c3 Bg5 12. Nc2 Ne7 13. h4 Bh6 14. a4 bxa4 15. Ncb4 O-O 16. Qxa4 Nxd5 17. Nxd5 a5 18. Bb5 Be6 19. Bc6 Rb8 20. b4 Bxd5 21. Bxd5 axb4 22. cxb4 Qb6 23. Rb1 Kh8 24. O-O f5 25. Qa5 fxe4 26. Qxb6 Rxb6 27. Rb3 Rc8 $146 ({RR} 27... Bd2 28. b5 e3 29. fxe3 Rxf1+ 30. Kxf1 g6 31. Bc6 h5 32. Ke2 Ba5 33. Ra3 Bb4 34. Ra8+ Kg7 35. e4 Bc5 36. Kd3 Bf2 37. Kc4 Bxh4 38. Kd5 Bf2 39. Kxd6 Bd4 40. Ke6 Bc3 41. Ra6 Rxa6 42. bxa6 {Rasmussen,A (2519)-Atakisi,U (2388) Athens 2008 ½-½ (56)}) 28. Ra1 g6 29. Ra8 Rxa8 30. Bxa8 Bf8 31. b5 Be7 32. g3 Bd8 33. Bxe4 d5 34. Bxd5 Rd6 35. Bc6 Bb6 36. Rb2 Rd3 37. Kg2 Kg7 38. Be4 Ra3 39. g4 Bd4 40. Rc2 Rb3 41. Rc7+ Kh8 42. Rc8+ Kg7 43. Rc7+ Kh8 44. Rb7 Rb2 45. h5 Rxf2+ 46. Kg3 Rf4 47. h6 Rf8 48. Rc7 Bf2+ 49. Kg2 Be3 50. g5 Rb8 51. Rc3 Bd4 52. Rc6 Kg8 53. Bd5+ Kf8 54. Bc4 Ke7 55. Rc7+ Kd6 56. Rxh7 e4 57. Rg7 Kc5 58. Rc7+ Kd6 59. Rc6+ Ke5 60. Rxg6 Kf5 61. Rd6 Be3 62. h7 1-0

[Event "Morelia/Linares 25th"]
[Site "Morelia/Linares"]
[Date "2008.03.07"]
[Round "14"]
[White "Carlsen, Magnus"]
[Black "Radjabov, Teimour"]
[Result "1/2-1/2"]
[WhiteElo "2733"]
[BlackElo "2735"]
[PlyCount "138"]
[EventDate "2008.02.15"]
[EventType "tourn"]
[EventRounds "14"]
[EventCountry "ESP"]
[EventCategory "21"]
[SourceTitle "CBM 123"]
[Source "ChessBase"]
[SourceDate "2008.04.02"]
[SourceVersion "1"]
[SourceVersionDate "2008.04.02"]
[SourceQuality "1"]

1. e4 {Marin,Mihail} e5 2. Nf3 Nc6 3. Bb5 f5 4. d3 ({RR} 4. Nc3 fxe4 5. Nxe4 Nf6) 4... fxe4 5. dxe4 Nf6 6. O-O Bc5 7. Qd3 ({RR} 7. Bxc6 bxc6 8. Nxe5 O-O 9. Bg5 Qe8 10. Bxf6 Rxf6) 7... d6 8. Qc4 Qe7 9. Nc3 Bd7 10. Nd5 ({RR} 10. Bg5) 10... Nxd5 11. exd5 Nd4 12. Nxd4 Bxd4 13. Bxd7+ Qxd7 14. a4 ({RR} 14. c3 Bb6 15. a4 ({RR} 15. Be3 O-O) 15... a6 16. a5 ({RR} 16. Be3 Bxe3 17. fxe3 O-O-O 18. Rf2 Rdf8 19. Raf1 Rxf2 20. Rxf2 Kb8 21. b3 Qe7 22. Qe4 g6 23. Qf3 Rc8) 16... Ba7 17. Be3 Bxe3 18. fxe3 O-O-O) 14... a6 15. Be3 Bxe3 16. fxe3 O-O-O 17. Rf2 Rdf8 18. Raf1 Qe7 ({RR} 18... Rxf2 19. Rxf2 Kb8 20. b3 Qe7 21. Qe4 g6 ({RR} 21... h6 22. Qf5) 22. Qf3 Rc8 23. c4 c6 24. dxc6 Rxc6 25. e4 Qg5 26. h3 Qc1+ 27. Kh2 Qe1 28. Rf1 Qd2 ({RR} 28... Qb4 29. Qd3 Qc5) 29. Qf8+ Rc8 ({RR} 29... Ka7 30. Qd8) 30. Qe7 Qd3 31. Rf3 Qxe4 32. Qxd6+ Ka7 33. Rf7 {Topalov,V (2780)-Radjabov,T (2735) Morelia/Linares 2008 CBM 123 [Marin,Mihail] ½-½ (54)} ({RR} 33. Qd7 Qc6 ({RR} 33... Rh8 34. Rf7) 34. Qxh7)) 19. Qe4 g6 20. Rf3 $146 ({RR} 20. c4 Rxf2 21. Rxf2 Rf8 22. Qg4+ Kd8 23. Rc2 Qf6 24. Qe2 Qh4 25. b4 b5 26. h3 Qe4 27. cxb5 axb5 28. a5 Qxd5 29. a6 c6 30. Rd2 Qe6 31. e4 Kd7 32. Qe3 Qc4 33. Rf2 Rxf2 34. Qxf2 Kc7 {McPhillips,J (2199)-Staniforth,M (1899) Hastings 2013 1-0 (48)}) ({RR} 20. a5 Rxf2 21. Rxf2 Rf8 22. Rxf8+ Qxf8 23. Qh4 Qf7 24. Qe4 Qf5 25. Qxf5+ gxf5 26. Kf2 Kd7 27. Kg3 Ke7 28. Kh4 Kf6 29. b4 b5 30. Kh5 e4 31. g3 Ke5 32. Kh6 Kxd5 33. Kxh7 c5 34. Kg6 Ke6 {Ruether,M (1814)-Ziese,G (1988) Berlin 2014 0-1 (42)}) 20... Kb8 21. b3 Rxf3 22. Qxf3 Qg5 23. h3 Rc8 24. Kh2 Qh4 25. c4 a5 26. e4 Qh6 27. Qf2 b6 28. g3 Kb7 29. Kg2 Ra8 30. h4 g5 31. Qe3 Rg8 32. Rf5 Qh5 33. hxg5 Qd1 34. Rf7 Qh5 35. Qf3 Qxg5 36. Rxh7 Qf4 37. Rh5 Rg7 38. Qd3 Qc1 39. Qf3 Qf4 40. Qxf4 exf4 41. Rh3 fxg3 42. Rxg3 Rh7 43. Kf3 Rf7+ 44. Ke3 Rf1 45. Kd4 Rd1+ 46. Rd3 Re1 47. Re3 Rd1+ 48. Kc3 Rc1+ 49. Kd2 Rb1 50. e5 dxe5 51. Kc2 Rh1 52. Rxe5 Rh3 53. Re2 Kc8 54. Rd2 Kd7 55. Rd3 Rh2+ 56. Kc3 Rh1 57. Rg3 Rd1 58. Rg7+ Kd6 59. Rg6+ Kd7 60. Rc6 Rc1+ 61. Kb2 Rd1 62. Kc2 Rd4 63. b4 axb4 64. Kb3 Rd1 65. Kxb4 Rb1+ 66. Kc3 Ra1 67. Kb3 Rb1+ 68. Ka2 Rb4 69. Ka3 Rb1 1/2-1/2

[Event "Baku FIDE GP"]
[Site "Baku"]
[Date "2008.04.21"]
[Round "1"]
[White "Carlsen, Magnus"]
[Black "Wang, Yue"]
[Result "1/2-1/2"]
[WhiteElo "2765"]
[BlackElo "2689"]
[PlyCount "117"]
[EventDate "2008.04.21"]
[EventType "tourn"]
[EventRounds "13"]
[EventCountry "AZE"]
[EventCategory "19"]
[SourceTitle "CBM 124"]
[Source "ChessBase"]
[SourceDate "2008.05.28"]
[SourceVersion "1"]
[SourceVersionDate "2008.05.28"]
[SourceQuality "1"]

1. e4 e5 2. Nf3 Nc6 3. Bb5 Nf6 4. d3 Bc5 5. Nc3 d6 6. Na4 Bb6 7. O-O Bd7 ({RR} 7... O-O 8. c3 Ne7 9. Nxb6 axb6 10. Re1 Ng6 11. d4 Qe7 12. h3 Bd7 13. Bd3 Rfe8 14. Bc2 h6 15. Be3 Nh7 16. Qd2 Rad8 17. a4 Qf6 18. Nh2 Ng5 19. Ng4 Bxg4 20. hxg4 Nf4 21. Bxf4 exf4 22. f3 {Van den Doel,E (2565)-De Winter,A (2448) Venlo NED 2025 1-0 (54)}) 8. c3 Ne7 9. Nxb6 axb6 10. Bxd7+ $146 ({RR} 10. Bc4 Ng6 11. Bb3 O-O 12. Ne1 Bg4 13. f3 Be6 14. Bc2 Nh5 15. g3 Qd7 16. a3 d5 17. Ng2 c6 18. Be3 c5 19. Qe2 d4 20. cxd4 cxd4 21. Bd2 f5 22. exf5 Rxf5 23. g4 Nhf4 24. Nxf4 Nxf4 {Paulsen,L-Goering,C Krefeld 1871 1-0 (74)}) 10... Qxd7 11. Bg5 Ng6 12. Bxf6 gxf6 13. Nd2 f5 14. Nc4 f4 15. Qh5 O-O 16. d4 Rae8 17. Rfe1 f5 18. dxe5 b5 19. Nd2 Nxe5 20. Qh3 fxe4 21. Qxd7 Nxd7 22. Nxe4 d5 23. Rad1 Re5 24. Nd2 Rfe8 25. Nf3 Rxe1+ 26. Nxe1 Nc5 27. Kf1 c6 28. Nd3 Nxd3 29. Rxd3 Re5 30. Rd4 Rh5 31. Rxf4 Rxh2 32. Kg1 Rh6 33. f3 Re6 34. Kf2 Kg7 35. Rh4 h6 36. a3 Rd6 37. g3 Rd8 38. Rh1 d4 39. cxd4 Rxd4 40. Ke3 Rd7 41. Rh4 c5 42. Rh2 Re7+ 43. Kf4 Rd7 44. g4 b4 45. axb4 Rd4+ 46. Ke5 Rxb4 47. Rd2 c4 48. f4 Rb3 49. f5 Rd3 50. Re2 b5 51. Ke6 c3 52. bxc3 Rxc3 53. Rb2 Rc6+ 54. Kd5 Rc4 55. Rxb5 Rxg4 56. Ke5 Ra4 57. Rb7+ Kf8 58. Rb8+ Kf7 59. Rb7+ 1/2-1/2